书目信息 |
| 题名: |
美利坚共和国的成长
|
|
| 作者: | 塞缪尔·埃利奥特·莫里森 , 亨利·斯蒂尔·康马杰 , 威廉·爱德华·洛伊希滕堡 著 ;南开大学历史系美国史研究室 译 | |
| 分册: | 第一卷 | |
| 出版信息: | 天津 天津人民出版社 1978.1 |
|
| 页数: | 1155页 | |
| 开本: | 20cm | |
| 丛书名: | ||
| 单 册: | ||
| 中图分类: | K712.0 | |
| 科图分类: | ||
| 主题词: | 北美洲--历史 | |
| 电子资源: | ||
| ISBN: | ||
| 000 | 00996nam0 2200241 45 | |
| 001 | 0211151071 | |
| 005 | 20070730093127.37 | |
| 010 | @dCNY1.58 | |
| 091 | @a11072.29 | |
| 100 | @a20021115d1978 km y0chiy0120 ea | |
| 101 | 0 | @achi@ceng |
| 200 | 1 | @a美利坚共和国的成长@h第一卷@h第二分册@AMei Li Jian Gong He Guo De Cheng Zhang@f(美)塞缪尔·埃利奥特·莫里森,亨利·斯蒂尔·康马杰,威廉·爱德华·洛伊希滕堡著@F(Mei)Sai Miao Er·Ai Li Ao Te·Mo Li Sen,Heng Li·Si Di Er·Kang Ma Jie,Wei Lian·Ai De Hua·Luo Yi Xi Teng Bao Zhu@g南开大学历史系美国史研究室译 |
| 210 | @a天津@c天津人民出版社@d1978.1 | |
| 215 | @a1155页@d20cm | |
| 300 | @a本书是供内部参考用的 | |
| 606 | 0 | @a北美洲@x历史 |
| 690 | @aK712.0@v1 | |
| 701 | 0 | @a塞缪尔·埃利奥特·莫里森@4著 |
| 701 | 0 | @a亨利·斯蒂尔·康马杰@4著 |
| 701 | 0 | @a威廉·爱德华·洛伊希滕堡@4著 |
| 712 | 02 | @a南开大学历史系美国史研究室@ANan Kai Da Xue Li Shi Xi Mei Guo Shi Yan Jiu Shi@4译 |
| 801 | @aCN@bTSTC@c20070730 | |
| 905 | @f1@b228452@dK712.0@e19:1(2) | |
| 美利坚共和国的成长.第一卷.第二分册/(美)塞缪尔·埃利奥特·莫里森,亨利·斯蒂尔·康马杰,威廉·爱德华·洛伊希滕堡著/南开大学历史系美国史研究室译.-天津:天津人民出版社,1978.1 |
| 1155页;20cm |
| 本书是供内部参考用的 |
| ISBN :CNY1.58 |
| ● |
| 相关链接 |
|
|
|
|
正题名:美利坚共和国的成长
索取号:K712.0/19:1(2)
 
预约/预借
| 序号 | 登录号 | 条形码 | 馆藏地/架位号 | 状态 | 备注 |
| 1 | 0228452 | 001623176 | 密集书库/ [索取号:K712.0/19:1(2)] | 在馆 | |
| 2 | 0466460 | 204664602 | 密集书库/ [索取号:K712.0/19:1(2)] | 在馆 | |
| 3 | 0786931 | 207869314 | 第二样本阅览室/ [索取号:K712.0/19:1(2)] | 在馆 |